[Event "GR-Ch '80"]
[Site "GR-Ch '80"]
[Date "1980.??.??"]
[Round "2"]
[White "Makropoulos, Georgios"]
[Black "Dimitriadis, Konstantinos"]
[Result "1-0"]
[WhiteElo "2455"]
[BlackElo "2190"]
[PlyCount "81"]
[EventDate "1980.??.??"]
[Source "www.chesslib.no"]
[SourceDate "2004.05.04"]

1. e4 e6 2. d4 d5 3. e5 c5 4. dxc5 Nc6 5. Nf3 Bxc5 6. Bd3 Nge7 7. Bf4 Qb6 8. O-O Qxb2 9. Nbd2 Ng6 10. Bg3 O-O 11. Rb1 Qa3 12. c3 Be7 13. Qc2 Re8 14. h4 Qa5 15. h5 Nf8 16. Nb3 Qd8 17. Bf4 b6 18. g4 f6 19. Nbd4 Bb7 20. Nxc6 Bxc6 21. Nd4 Bd7 22. Ba6 fxe5 23. Bxe5 Bf6 24. Rbe1 Bxe5 25. Rxe5 Qf6 26. f4 h6 27. Qe2 Qe7 28. Bb7 Rab8 29. Bxd5 Qd6 30. Bb3 Rbc8 31. Rf3 Rc5 32. Rfe3 Rxe5 33. Rxe5 Rc8 34. Nf5 Qa3 35. Rxe6 Qc1+ 36. Qe1 Qxe1+ 37. Rxe1+ Kh7 38. Re7 Bxf5 39. gxf5 Rxc3 40. Re8 Rc1+ 41. Kf2 1-0

[Event "Esbjerg-B"]
[Site "Esbjerg DEN"]
[Date "1988.??.??"]
[Round "8"]
[White "Fries Nielsen, Jens Ove"]
[Black "Rewitz, Poul"]
[Result "1-0"]
[WhiteElo "2385"]
[BlackElo "2245"]
[PlyCount "109"]
[EventDate "1988.07.??"]
[Source "www.chesslib.no"]
[SourceDate "2004.05.04"]

1. e4 e6 2. d4 d5 3. e5 c5 4. dxc5 Bxc5 5. Qg4 Ne7 6. b4 Qc7 7. Nf3 h5 8. Qxg7 Rg8 9. Qh7 Bxb4+ 10. Bd2 Nbc6 11. Qxh5 Bd7 12. g3 Nf5 13. Bb5 Ncd4 14. Bxd7+ Kxd7 15. Nxd4 Qxe5+ 16. Qe2 Bxd2+ 17. Nxd2 Qxd4 18. Rb1 Kc7 19. c3 Qc5 20. O-O Rad8 21. Rb5 Qxc3 22. Nb3 Kb8 23. Rc1 Nxg3 24. hxg3 Rxg3+ 25. fxg3 Qxg3+ 26. Qg2 Qe3+ 27. Kf1 Qd3+ 28. Qe2 Qf5+ 29. Qf2 Qd3+ 30. Qe2 Qf5+ 31. Ke1 Rh8 32. Kd2 Qf4+ 33. Qe3 Rh2+ 34. Kd3 Qf5+ 35. Kc3 Rh3 36. Qxh3 Qxh3+ 37. Kb2 Qh8+ 38. Kb1 Qh7+ 39. Kb2 Qg7+ 40. Kb1 Qg6+ 41. Rc2 a6 42. Rbc5 Ka7 43. Rc8 d4 44. Rd8 e5 45. Kb2 f5 46. a4 a5 47. Rc5 Qf6 48. Rxa5+ Kb6 49. Rdd5 e4 50. Rxf5 Qg7 51. Rfb5+ Kc6 52. Rc5+ Kb6 53. Ra8 d3+ 54. Ka2 Qg1 55. a5# 1-0

[Event "IRL-ch"]
[Site "?"]
[Date "2000.04.23"]
[Round "2"]
[White "Short Philip M"]
[Black "Heidenfeld Mark"]
[Result "1-0"]
[WhiteElo "2295"]
[BlackElo "2328"]
[PlyCount "113"]
[EventDate "2000.??.??"]
[Source "www.chesslib.no"]
[SourceDate "2004.05.04"]

1. e4 e6 2. d4 d5 3. e5 c5 4. dxc5 Nc6 5. Nf3 Bxc5 6. Bd3 Nge7 7. Bf4 Qb6 8. O-O Ng6 9. Bxg6 fxg6 10. Nc3 O-O 11. Na4 Qb4 12. Nxc5 Qxf4 13. Nd3 Qg4 14. h3 Qh5 15. Rc1 b6 16. c4 d4 17. Nd2 Qf5 18. Qe2 g5 19. f4 Bb7 20. fxg5 Qxg5 21. Ne4 Qe7 22. Qg4 Rad8 23. Ng5 Bc8 24. Ne4 Qc7 25. c5 bxc5 26. Rxf8+ Rxf8 27. Rxc5 Qb6 28. Nf4 Ne7 29. Qg5 Qd8 30. Nd6 Bd7 31. Nh5 Ng6 32. Qxd8 Rxd8 33. Kf2 Be8 34. Nxe8 Rxe8 35. Ke2 Re7 36. Kd3 Rd7 37. g3 Kf7 38. Nf4 Nxf4+ 39. gxf4 Kg6 40. Rc8 Rf7 41. Ke4 Rd7 42. Rc2 Kh5 43. f5 exf5+ 44. Kxf5 Kh4 45. e6 Rd5+ 46. Ke4 Rd8 47. Rd2 Kxh3 48. Rxd4 Re8 49. Kf5 Rf8+ 50. Ke5 h5 51. Rd3+ Kg4 52. e7 Re8 53. Ke6 g5 54. Kf7 Rh8 55. Rd8 Rh7+ 56. Kf6 Rxe7 57. Kxe7 1-0

[Event "It Open"]
[Site "?"]
[Date "1999.??.??"]
[Round "7"]
[White "Cantero Antonio"]
[Black "Jerez Perez Alfonso"]
[Result "0-1"]
[WhiteElo "2265"]
[BlackElo "2356"]
[PlyCount "88"]
[EventDate "1999.??.??"]
[Source "www.chesslib.no"]
[SourceDate "2004.05.04"]

1. e4 e6 2. d4 d5 3. e5 c5 4. dxc5 Nc6 5. Nf3 Bxc5 6. Bd3 Nge7 7. Bf4 Qb6 8. O-O Qxb2 9. Nbd2 Qb4 10. c4 Qb6 11. Rb1 Qd8 12. Nb3 Bb6 13. c5 Bc7 14. Re1 Bd7 15. h4 h6 16. Nbd4 Nxd4 17. Nxd4 b6 18. Qg4 bxc5 19. Qxg7 Rg8 20. Qh7 cxd4 21. Bxh6 Bc6 22. Bg5 Kd7 23. Qxf7 Qf8 24. Qh5 Qg7 25. f4 Bb6 26. Qe2 Rac8 27. g3 Nf5 28. Kh2 Ne3 29. a4 Bxa4 30. Rxb6 axb6 31. Bb5+ Bxb5 32. Qxb5+ Kc7 33. Qa4 Kb7 34. Qxd4 Nc4 35. Rf1 Qg6 36. Rf2 Qf5 37. Re2 Qg4 38. Qf2 Ra8 39. Rc2 Ra3 40. Qg2 Ne3 41. Qe2 Qxe2+ 42. Rxe2 Nf1+ 43. Kg1 Nxg3 44. Rg2 Nf5 0-1

[Event "Mondariz-B"]
[Site "?"]
[Date "1999.??.??"]
[Round "1"]
[White "Fernando Diogo"]
[Black "Martinez Martin David"]
[Result "0-1"]
[WhiteElo "2220"]
[BlackElo "2390"]
[PlyCount "88"]
[EventDate "1999.??.??"]
[Source "www.chesslib.no"]
[SourceDate "2004.05.04"]

1. e4 e6 2. d4 d5 3. e5 c5 4. dxc5 Nc6 5. Nf3 Bxc5 6. Bd3 f6 7. Qe2 fxe5 8. Nxe5 Nxe5 9. Qxe5 Nf6 10. Bb5+ Kf7 11. O-O Rf8 12. Nd2 Qb6 13. Bd3 Kg8 14. Nf3 Bd7 15. Qg3 Bb5 16. Bh6 Rf7 17. Ne5 Re7 18. Bg5 Rf8 19. Ng4 Bxd3 20. cxd3 Bd4 21. Nxf6+ Bxf6 22. Bxf6 Rxf6 23. b3 Ref7 24. Rac1 h6 25. Qe3 Qxe3 26. fxe3 Rxf1+ 27. Rxf1 Rc7 28. e4 d4 29. h3 Rc3 30. Rf3 b5 31. e5 a5 32. Kh2 Rc2 33. Rf4 Rxa2 34. Rxd4 Rb2 35. Rd8+ Kf7 36. Ra8 Rxb3 37. Rxa5 Kg6 38. g4 Kg5 39. Ra7 Rxd3 40. Rxg7+ Kf4 41. Rg6 Rd2+ 42. Kg1 b4 43. Rxe6 b3 44. Rb6 b2 0-1

[Event "Dresden (09.04.-15.04)"]
[Site "?"]
[Date "1999.04.14"]
[Round "6.1"]
[White "Eskandary Jahja"]
[Black "Uhlmann Wolfgang"]
[Result "1/2-1/2"]
[WhiteElo "2130"]
[BlackElo "2475"]
[PlyCount "87"]
[EventDate "1999.??.??"]
[Source "www.chesslib.no"]
[SourceDate "2004.05.04"]

1. e4 e6 2. d4 d5 3. e5 c5 4. dxc5 Nc6 5. Nf3 Bxc5 6. Bd3 Nge7 7. O-O Ng6 8. Re1 O-O 9. c3 f6 10. exf6 Qxf6 11. Be3 Bd6 12. Bg5 Qf7 13. Qc2 e5 14. Bxg6 hxg6 15. Be3 e4 16. Ng5 Qf5 17. Qd2 Be6 18. f4 Rad8 19. Qf2 Be7 20. Nd2 b6 21. Nb3 Bxg5 22. fxg5 Qxf2+ 23. Bxf2 Ne5 24. Nd4 Bc8 25. Bg3 Nd3 26. Re2 Rf7 27. Nc6 Re8 28. a3 a5 29. b4 e3 30. Nd4 Bg4 31. Nf3 Bxf3 32. gxf3 Ne5 33. f4 Nc4 34. Rd1 Rd7 35. a4 axb4 36. cxb4 Ra8 37. Ra2 Nd2 38. Be1 Nf3+ 39. Kg2 Nxe1+ 40. Rxe1 d4 41. Kf3 Kf7 42. a5 bxa5 43. bxa5 Re8 44. Raa1 1/2-1/2

[Event "CZE-chT2a 0001"]
[Site "?"]
[Date "2001.??.??"]
[Round "9"]
[White "Vltavsky Vladimir"]
[Black "Kacirek Petr"]
[Result "0-1"]
[WhiteElo "2295"]
[BlackElo "2305"]
[PlyCount "98"]
[EventDate "2001.??.??"]
[Source "www.chesslib.no"]
[SourceDate "2004.05.04"]

1. e4 e6 2. d4 d5 3. e5 c5 4. dxc5 Nc6 5. Nf3 Bxc5 6. Bd3 Nge7 7. Bf4 Qb6 8. O-O Ng6 9. Bg3 Qxb2 10. Nbd2 Ngxe5 11. Nxe5 Nxe5 12. Rb1 Qc3 13. Rb3 Qd4 14. Bb5+ Nd7 15. Qe2 O-O 16. Nf3 Qf6 17. Bh4 Qf4 18. Bg3 Qh6 19. Bxd7 Bxd7 20. Rxb7 Bc8 21. Rc7 Bb6 22. Rc3 Qf6 23. Rb3 Qe7 24. Be5 f6 25. Bb2 Re8 26. h4 Qf7 27. Nd2 e5 28. Ba3 Be6 29. Rg3 Rac8 30. Rc1 Rc6 31. Bb2 Rec8 32. c4 d4 33. h5 Bxc4 34. Qd1 Bxa2 35. h6 g6 36. Ne4 Qf8 37. Rxc6 Rxc6 38. Qd2 Bd5 39. Ba3 Qf7 40. Nd6 Qe6 41. Qb4 a5 42. Qb1 e4 43. Nb5 Ba2 44. Qa1 e3 45. Nxd4 exf2+ 46. Kxf2 Rc2+ 47. Kg1 Qe4 48. Kh1 Bxd4 49. Qd1 Qh4+ 0-1

[Event "Stary Smokovec"]
[Site "Stary Smokovec"]
[Date "1980.??.??"]
[Round "4"]
[White "Petrik, Karol"]
[Black "Ambroz, Jan"]
[Result "0-1"]
[WhiteElo "2210"]
[BlackElo "2390"]
[PlyCount "44"]
[EventDate "1980.10.??"]
[Source "ChessBase"]

1. e4 e6 2. d4 d5 3. e5 c5 4. dxc5 Nc6 5. Nf3 Bxc5 6. Bd3 f6 7. Qe2 fxe5 8. Nxe5 Nf6 9. O-O Nxe5 10. Qxe5 O-O 11. Qe2 Qb6 12. h3 e5 13. c3 Bd7 14. a4 Rae8 15. b4 Bd6 16. Bc2 Bb8 17. Bg5 a5 18. bxa5 Qxa5 19. Na3 Qxc3 20. Rfc1 e4 21. Bh4 Bf4 22. Bxf6 Rxf6 0-1

[Event "Aratovsky mem"]
[Site "Saratov"]
[Date "1999.??.??"]
[Round "3"]
[White "Feoktistov, Alexey A"]
[Black "Driamin, Dmitrij"]
[Result "0-1"]
[WhiteElo "2359"]
[BlackElo "2237"]
[PlyCount "108"]
[EventDate "1999.12.??"]
[Source "ChessBase"]
[SourceDate "2000.01.11"]

1. e4 e6 2. d4 d5 3. e5 c5 4. dxc5 Nc6 5. Nf3 Bxc5 6. Bd3 f6 7. exf6 Nxf6 8. O-O O-O 9. c4 dxc4 10. Bxc4 Qxd1 11. Rxd1 Ng4 12. Rf1 Nd4 13. Nbd2 b5 14. Bd3 Bb7 15. Nxd4 Bxd4 16. Be4 Bxe4 17. Nxe4 Nxf2 18. Nxf2 Rxf2 19. Rxf2 Rf8 20. Bd2 Rxf2 21. Bc3 Bb6 22. Kh1 b4 23. Bxb4 Rxb2 24. a3 e5 25. Bc3 Re2 26. g3 Kf7 27. Rf1+ Ke6 28. Rf8 Rc2 29. Bb4 e4 30. Re8+ Kd5 31. g4 a5 32. Be7 Bc7 33. Kg1 Bxh2+ 34. Kf1 Ra2 35. Bf8 g6 36. Rd8+ Kc4 37. Rc8+ Kd3 38. Bc5 Ra1+ 39. Kg2 Bf4 40. Rd8+ Kc4 41. Ba7 Ra2+ 42. Kf1 Rd2 43. Rc8+ Kb3 44. Re8 Kxa3 45. Rxe4 Bd6 46. Be3 Rd5 47. Re8 Bc5 48. Bf4 Kb4 49. Ke2 a4 50. Rb8+ Kc3 51. Bc1 a3 52. Ra8 Kb3 53. Ra5 a2 54. Ra8 Bb4 0-1

[Event "Ano Liosia op"]
[Site "Ano Liosia"]
[Date "1996.??.??"]
[Round "8"]
[White "Crouch, Colin S"]
[Black "Musaev, Samir"]
[Result "1-0"]
[WhiteElo "2380"]
[BlackElo "2200"]
[PlyCount "111"]
[EventDate "1996.??.??"]
[Source "ChessBase"]

1. d4 e6 2. e4 d5 3. e5 c5 4. dxc5 Bxc5 5. Qg4 g6 6. Bd3 Nc6 7. Nf3 h5 8. Qf4 Nh6 9. Nc3 a6 10. O-O Nb4 11. Be3 Nxd3 12. cxd3 Be7 13. Na4 b5 14. Nc5 Nf5 15. Rac1 O-O 16. Bd2 a5 17. h3 h4 18. d4 b4 19. Kh1 Ba6 20. Rfe1 Ra7 21. g4 g5 22. Nxg5 Bxg5 23. Qxg5+ Qxg5 24. Bxg5 Nxd4 25. Kg2 Ne2 26. Rcd1 Bc4 27. Nd3 Nd4 28. Be3 Nc2 29. Bxa7 Bxd3 30. Rg1 Bg6 31. f3 Ra8 32. Bf2 a4 33. Rd2 b3 34. a3 Rb8 35. Bd4 Rc8 36. Rgd1 Rc4 37. Kf2 Kg7 38. Ke2 Kg8 39. Bf2 Kh7 40. Bxh4 d4 41. Bf2 d3+ 42. Kf1 Kg7 43. h4 Bh7 44. h5 Kg8 45. Kg2 Kg7 46. Kg3 Kg8 47. Kh4 Rc8 48. Kg5 Kg7 49. h6+ Kg8 50. f4 Be4 51. f5 exf5 52. gxf5 Kh7 53. Rg1 f6+ 54. exf6 Rc7 55. Kf4 Rc4 56. Ke5 1-0

[Event "Skopje ol (Men)"]
[Site "Skopje MKD"]
[Date "1972.??.??"]
[Round "3"]
[White "Makropoulos, Georgios"]
[Black "Debarnot, Roberto L"]
[Result "1/2-1/2"]
[WhiteElo "2200"]
[BlackElo "2375"]
[PlyCount "74"]
[EventDate "1972.09.??"]
[Source "www.chesslib.no"]
[SourceDate "2004.05.04"]

1. e4 e6 2. d4 d5 3. e5 c5 4. dxc5 Nc6 5. Nf3 Bxc5 6. Bd3 Qc7 7. Bf4 Nge7 8. Bg3 Ng6 9. Qe2 Nd4 10. Nxd4 Bxd4 11. c3 Bxe5 12. Bxg6 Bxg3 13. Bxf7+ Qxf7 14. hxg3 O-O 15. Rh5 Bd7 16. Re5 Rac8 17. Nd2 b5 18. Nf3 a5 19. Nd4 b4 20. cxb4 axb4 21. Kf1 Qg6 22. Kg1 Rf6 23. Re1 Rc4 24. Qe3 h6 25. Qd2 Qg4 26. Rd1 Rc8 27. Nc2 Rcf8 28. Qe2 Qg6 29. Rf1 Rb8 30. Nd4 Ra8 31. b3 Rc8 32. Qa6 Qe8 33. a4 bxa3 34. Qxa3 Qd8 35. Qb2 Qb6 36. Rfe1 Rc4 37. Rd1 Ba4 1/2-1/2

[Event "Moscow RUS"]
[Site "?"]
[Date "1998.??.??"]
[Round "3"]
[White "Feoktistov Alexey A"]
[Black "Janturin Artur"]
[Result "1-0"]
[WhiteElo "2395"]
[BlackElo "2175"]
[PlyCount "69"]
[EventDate "1998.??.??"]
[Source "www.chesslib.no"]
[SourceDate "2004.05.04"]

1. e4 e6 2. d4 d5 3. e5 c5 4. dxc5 Nc6 5. Nf3 Bxc5 6. Bd3 f6 7. Qe2 fxe5 8. Nxe5 Nxe5 9. Qxe5 Nf6 10. Bb5+ Kf7 11. O-O Bd6 12. Qe2 Rf8 13. f4 Kg8 14. Nc3 Bd7 15. Be3 a6 16. Bxd7 Qxd7 17. Bd4 Rae8 18. Rae1 Qc7 19. g3 Bc5 20. Qd3 Qb6 21. Bxc5 Qxc5+ 22. Kg2 Qb4 23. Nd1 Ne4 24. c3 Qa4 25. a3 Qb3 26. Re2 e5 27. fxe5 Rxf1 28. Kxf1 Rxe5 29. Qd4 Rf5+ 30. Kg2 Rf8 31. Ne3 Nf6 32. Nf5 Qc4 33. Qe5 g6 34. Qe6+ Kh8 35. Qxf6+ 1-0

[Event "Cannes"]
[Site "?"]
[Date "1999.??.??"]
[Round "2"]
[White "Manolov Ivan"]
[Black "Kovacevic Vladimir"]
[Result "0-1"]
[WhiteElo "2315"]
[BlackElo "2250"]
[PlyCount "32"]
[EventDate "1999.??.??"]
[Source "www.chesslib.no"]
[SourceDate "2004.05.04"]

1. e4 e6 2. d4 d5 3. e5 c5 4. dxc5 Nc6 5. Nf3 Bxc5 6. Bd3 Nh6 7. Bxh6 gxh6 8. O-O Bd7 9. Nc3 a6 10. Ne2 Qc7 11. Qd2 Nxe5 12. Nxe5 Qxe5 13. Qxh6 O-O-O 14. c3 Rdg8 15. Nd4 Bxd4 16. Rae1 Qg7 0-1

[Event "CZE-chT2 9900"]
[Site "?"]
[Date "2000.??.??"]
[Round "?"]
[White "Vltavsky Vladimir"]
[Black "Krouzel Jaroslav"]
[Result "1-0"]
[WhiteElo "2261"]
[BlackElo "2297"]
[PlyCount "66"]
[EventDate "2000.??.??"]
[Source "www.chesslib.no"]
[SourceDate "2004.05.04"]

1. e4 e6 2. d4 d5 3. e5 c5 4. dxc5 Nc6 5. Nf3 Bxc5 6. Bd3 f6 7. Qe2 fxe5 8. Nxe5 Qf6 9. Ng4 Qf7 10. O-O Nf6 11. Nxf6+ Qxf6 12. c4 O-O 13. Nc3 Nd4 14. Qd1 b6 15. Be3 Kh8 16. Rc1 Bb7 17. cxd5 exd5 18. Qh5 g6 19. Qg4 Rae8 20. Bg5 Qe6 21. Qxe6 Rxe6 22. Na4 Bd6 23. Nc3 Kg7 24. Rcd1 Nf5 25. Bxf5 Rxf5 26. Be3 h5 27. Bd4+ Be5 28. Rd2 Bxd4 29. Rxd4 Rfe5 30. f4 Re1 31. Kf2 Rxf1+ 32. Kxf1 Rd6 33. Ke2 Kf6 1-0

[Event "It (open)"]
[Site "Senta (Serbia)"]
[Date "2007.07.22"]
[Round "2"]
[White "Pacal Mihaly (SCG)"]
[Black "Ristic Nebojsa (SCG)"]
[Result "1-0"]
[WhiteElo "2207"]
[BlackElo "2346"]
[PlyCount "103"]
[EventDate "2007.??.??"]
[Source "www.chesslib.no"]
[SourceDate "2004.05.04"]

1. e4 e6 2. d4 d5 3. e5 c5 4. dxc5 Nc6 5. Nf3 Bxc5 6. Bd3 Nge7 7. Bf4 Qb6 8. O-O Ng6 9. Bg3 Bd7 10. Nbd2 Nb4 11. Be2 Bb5 12. Nb3 Bxe2 13. Qxe2 Be7 14. Nfd4 O-O 15. c3 Nc6 16. Kh1 Rfe8 17. Rad1 a6 18. Rfe1 Rad8 19. Nf3 f6 20. Nbd4 Ncxe5 21. Nxe5 fxe5 22. Bxe5 Nxe5 23. Qxe5 Bf6 24. Qe2 e5 25. Nf5 e4 26. Ne3 Qe6 27. Nc2 Be5 28. Qh5 Rf8 29. Rd2 Rf5 30. Qd1 Rdf8 31. Kg1 Qh6 32. g3 Qh3 33. Ne3 Rh5 34. Nf1 Rhf5 35. Ree2 Bc7 36. Rxd5 R5f6 37. c4 h5 38. Qc2 h4 39. Qxe4 hxg3 40. hxg3 Rh6 41. Qg2 Qg4 42. Re1 Qg6 43. c5 Qf7 44. Red1 Rf6 45. R1d2 Ba5 46. Re2 Rf3 47. Rde5 Qxa2 48. b4 Qa1 49. bxa5 Qxa5 50. Qh3 R3f6 51. Rh5 Qxc5 52. Rxc5 1-0

[Event "Las Palmas op"]
[Site "?"]
[Date "1993.??.??"]
[Round "?"]
[White "Solana Suarez Ernesto"]
[Black "Sarmiento Alfonso Braulio Alf"]
[Result "1-0"]
[WhiteElo "2335"]
[BlackElo "2210"]
[PlyCount "91"]
[EventDate "1993.??.??"]
[Source "www.chesslib.no"]
[SourceDate "2004.05.04"]

1. e4 e6 2. d4 d5 3. e5 c5 4. dxc5 Ne7 5. Nf3 Nec6 6. Bd3 Nd7 7. Bf4 Nxc5 8. O-O Nxd3 9. Qxd3 Be7 10. Nbd2 Bd7 11. c3 Rc8 12. Nb3 a6 13. Rfe1 h6 14. Nfd4 Nxd4 15. Nxd4 Qb6 16. Qg3 g5 17. Bc1 Rc4 18. Rb1 Bc5 19. Be3 Ra4 20. b4 Bxd4 21. Bxd4 Qd8 22. Rb2 Bb5 23. Rd1 Bc4 24. Rdd2 Kd7 25. Qf3 Rh7 26. Qd1 b5 27. Qf3 Qg8 28. Qe3 Rh8 29. Bc5 Ra3 30. Bd6 Qa8 31. Bc5 Qg8 32. h3 Qb8 33. f3 Rg8 34. Rf2 Qd8 35. Bb6 Qe7 36. Ba7 Qd8 37. Qd4 Qc7 38. f4 g4 39. f5 Rg7 40. fxe6+ fxe6 41. hxg4 Rxc3 42. Qxc3 Qxa7 43. Kh2 Qb6 44. Rf4 Qd8 45. Qe3 Qb8 46. Rbf2 1-0

[Event "Bayernliga 2003/04_R5"]
[Site "?"]
[Date "2004.01.18"]
[Round "5.1"]
[White "Riediger Martin"]
[Black "Schmidt Georg"]
[Result "1-0"]
[WhiteElo "2241"]
[BlackElo "2294"]
[PlyCount "165"]
[EventDate "2004.??.??"]
[Source "www.chesslib.no"]
[SourceDate "2004.05.04"]

1. e4 e6 2. d4 d5 3. e5 c5 4. dxc5 Nc6 5. Nf3 Bxc5 6. Bd3 f6 7. Qe2 fxe5 8. Nxe5 Nxe5 9. Qxe5 Nf6 10. Be3 Bd6 11. Qg5 O-O 12. O-O e5 13. c3 Ng4 14. Qxd8 Rxd8 15. Bg5 Rf8 16. h3 h6 17. Bd2 Nf6 18. Be3 Bd7 19. Nd2 a6 20. Rfd1 Bc6 21. Nb3 Bc7 22. Nc5 Kf7 23. b4 Rfb8 24. Be2 Bb5 25. Kf1 b6 26. Nb3 Rc8 27. a4 Bxe2+ 28. Kxe2 Bd8 29. Rac1 g5 30. g4 Rc6 31. a5 bxa5 32. Nxa5 Bxa5 33. bxa5 Ne4 34. Rxd5 Ke6 35. Rd3 Rac8 36. Bd2 Nd6 37. h4 gxh4 38. Rh1 Nc4 39. Rxh4 Kf7 40. Rd7+ Ke8 41. Rh7 Kf8 42. Bxh6+ Ke8 43. Rh5 R8c7 44. Rxc7 Rxc7 45. Be3 Rg7 46. Rh6 Rxg4 47. Rxa6 Kd7 48. Ra8 Kc7 49. a6 Nxe3 50. a7 Kb7 51. Re8 Kxa7 52. Kxe3 Kb6 53. Rxe5 Kc6 54. Re4 Rg1 55. Rd4 Rc1 56. Rd3 Kc5 57. Kf4 Kc4 58. Re3 Ra1 59. Kg4 Ra8 60. f4 Rg8+ 61. Kf5 Rf8+ 62. Kg5 Rg8+ 63. Kh6 Rf8 64. Kg5 Rg8+ 65. Kh4 Rh8+ 66. Kg4 Rg8+ 67. Kf3 Rf8 68. Re5 Kxc3 69. f5 Kd4 70. Kf4 Rh8 71. Re1 Rh2 72. Rd1+ Kc5 73. f6 Kc6 74. Kf5 Rf2+ 75. Kg6 Rg2+ 76. Kf7 Kc7 77. Kf8 Rg3 78. f7 Rg2 79. Rd4 Rg1 80. Ke7 Re1+ 81. Kf6 Rf1+ 82. Kg6 Kc6 83. Rd8 1-0

[Event "Asturias-ch"]
[Site "?"]
[Date "2001.??.??"]
[Round "6"]
[White "Vigil Alvarez Luis Javier"]
[Black "Bajo Gutierrez Ignacio"]
[Result "1-0"]
[WhiteElo "2231"]
[BlackElo "2299"]
[PlyCount "85"]
[EventDate "2001.??.??"]
[Source "www.chesslib.no"]
[SourceDate "2004.05.04"]

1. e4 e6 2. d4 d5 3. e5 c5 4. dxc5 Bxc5 5. Bd3 Nc6 6. Nf3 Qc7 7. Qe2 Nge7 8. O-O a6 9. c3 Ng6 10. Re1 Ba7 11. Na3 Bb8 12. Bxg6 hxg6 13. Bf4 b5 14. Nc2 Bd7 15. Bg3 Ba7 16. Rac1 Ne7 17. Ncd4 Nf5 18. Nxf5 gxf5 19. Qd2 Rh5 20. Bf4 O-O-O 21. b3 Bc6 22. Qe2 Rdh8 23. a4 Kb8 24. axb5 Bxb5 25. Qd2 Bc6 26. h3 d4 27. cxd4 Qb7 28. Rc3 Rxh3 29. gxh3 Bxf3 30. Kh2 Bd5 31. Rg3 g6 32. Ra1 Rh4 33. Ra4 Bb6 34. Bg5 Rh5 35. Qb4 Bc6 36. Qd6+ Bc7 37. Qf8+ Ka7 38. Rc4 Bd5 39. Rc1 Bb6 40. Bd8 Bxd8 41. Qxd8 Qb5 42. Rc7+ Bb7 43. Rgc3 1-0

[Event "Bizovac CRO, 12. Open Metalis"]
[Site "?"]
[Date "2005.02.25"]
[Round "4.20"]
[White "Kristovic Marijan"]
[Black "Drmic Tomislav"]
[Result "1-0"]
[WhiteElo "2346"]
[BlackElo "2183"]
[PlyCount "55"]
[EventDate "2005.??.??"]
[Source "www.chesslib.no"]
[SourceDate "2004.05.04"]

1. e4 e6 2. d4 d5 3. e5 c5 4. dxc5 Bxc5 5. Qg4 Kf8 6. h4 Qb6 7. Qg3 Ne7 8. Bd3 Nbc6 9. c3 Nf5 10. Bxf5 exf5 11. Nf3 Be6 12. O-O h6 13. b4 Be7 14. a4 Qd8 15. h5 Rg8 16. b5 Na5 17. Nd4 Nc4 18. Nd2 Rc8 19. N2f3 Bd7 20. Re1 Qa5 21. e6 fxe6 22. Qg6 Bf6 23. Bxh6 Bxd4 24. Nxd4 e5 25. Qf6+ Ke8 26. Rxe5+ Nxe5 27. Qxe5+ Kf7 28. Qxd5+ 1-0

[Event "Jersey op"]
[Site "St Helier"]
[Date "2002.02.27"]
[Round "4"]
[White "Quillan, Gary"]
[Black "Richards, Heather"]
[Result "1-0"]
[WhiteElo "2319"]
[BlackElo "2209"]
[PlyCount "59"]
[EventDate "2002.02.24"]
[Source "ChessBase"]
[SourceDate "2002.03.14"]

1. e4 e6 2. d4 d5 3. e5 c5 4. dxc5 Nc6 5. Nf3 Bd7 6. Bd3 Bxc5 7. O-O Nge7 8. Bf4 Ng6 9. Bg3 O-O 10. Nc3 Rc8 11. a3 a6 12. Qd2 b5 13. h4 Qc7 14. Bxg6 fxg6 15. Nxd5 Qa7 16. Nf4 Rf5 17. Rad1 Rd8 18. b4 Bb6 19. Qd3 Bc7 20. Qb3 Nxe5 21. Nxe6 Nxf3+ 22. gxf3 Bxe6 23. Qxe6+ Rf7 24. Rxd8+ Bxd8 25. Rd1 Qe7 26. Qxa6 Rxf3 27. Qxb5 Rf7 28. Qc6 h6 29. c4 Kh7 30. Qd6 1-0

[Event "TCh-ESP Div"]
[Site "?"]
[Date "2001.??.??"]
[Round "?"]
[White "Pont Mulet, A."]
[Black "Rico Galiano, A."]
[Result "0-1"]
[WhiteElo "2230"]
[BlackElo "2295"]
[PlyCount "56"]
[EventDate "2001.??.??"]
[Source "www.chesslib.no"]
[SourceDate "2004.05.04"]

1. e4 e6 2. d4 d5 3. e5 c5 4. dxc5 Bxc5 5. Qg4 Ne7 6. b4 h5 7. Qh4 Bb6 8. Nf3 Nf5 9. Qxd8+ Bxd8 10. Bd3 g6 11. O-O Be7 12. a3 a5 13. b5 Nd7 14. a4 b6 15. Ba3 Bb7 16. Nbd2 Rc8 17. Nb3 Bxa3 18. Rxa3 Ke7 19. h3 Rc3 20. Raa1 f6 21. exf6+ Kxf6 22. Nfd4 e5 23. Ne2 Rc7 24. Bxf5 gxf5 25. f4 e4 26. Nbd4 h4 27. Kf2 Nc5 28. g3 Bc8 0-1

[Event "Pardubice Czech op"]
[Site "?"]
[Date "1998.??.??"]
[Round "7"]
[White "Karlovich Anastazia"]
[Black "Kotek Daniel"]
[Result "0-1"]
[WhiteElo "2210"]
[BlackElo "2315"]
[PlyCount "98"]
[EventDate "1998.??.??"]
[Source "www.chesslib.no"]
[SourceDate "2004.05.04"]

1. e4 e6 2. d4 d5 3. e5 c5 4. dxc5 Nc6 5. Nf3 Bxc5 6. Bd3 Qc7 7. Bf4 Nge7 8. Bg3 Bd7 9. c3 a5 10. a4 Ng6 11. Qe2 Qb6 12. O-O O-O 13. h4 f5 14. Na3 Nce7 15. Nb5 Bxb5 16. axb5 Ra7 17. Ra4 Nc8 18. Rfa1 Qc7 19. Ng5 Qd7 20. Qh5 h6 21. Qxg6 hxg5 22. hxg5 Ne7 23. Qh5 g6 24. Qh3 Rf7 25. Rh4 Kf8 26. Raa4 Ng8 27. Rh8 Rg7 28. Qh4 b6 29. Qf4 Qd8 30. Qd2 Rh7 31. Rxh7 Rxh7 32. Bf4 Qc7 33. Qc1 Qg7 34. b4 Qh8 35. Kf1 Rh1+ 36. Ke2 Rxc1 37. bxc5 Rxc3 38. cxb6 Rc8 39. Rxa5 Rb8 40. Ra6 Qg7 41. Ra7 Rb7 42. Ra8+ Ke7 43. Ke3 Kd7 44. Kd4 Ne7 45. Bd2 Nc8 46. Bb4 Nxb6 47. Ra6 Qh8 48. g3 Qh1 49. Bc5 Nc4 0-1

[Event "Ch Pfalz"]
[Site "Pfalz GER"]
[Date "1990.??.??"]
[Round "?"]
[White "Tresch Ralph"]
[Black "Liebau Andreas"]
[Result "1-0"]
[WhiteElo "2297"]
[BlackElo "2225"]
[PlyCount "61"]
[EventDate "1990.??.??"]
[Source "www.chesslib.no"]
[SourceDate "2004.05.04"]

1. e4 e6 2. d4 d5 3. e5 c5 4. dxc5 Bxc5 5. Qg4 Bf8 6. Bd3 Qc7 7. Qe2 f5 8. Nf3 Nc6 9. a3 Be7 10. O-O Nh6 11. Bf4 Nf7 12. h4 Bd7 13. Nbd2 g6 14. c4 dxc4 15. Nxc4 h6 16. Rfd1 g5 17. Nd6+ Bxd6 18. exd6 Qd8 19. Be5 g4 20. Bxh8 gxf3 21. Qxf3 Nxh8 22. Qh5+ Kf8 23. Qxh6+ Kg8 24. Bc4 Qe8 25. Rd3 Qf8 26. Rg3+ Kf7 27. Qh7+ Kf6 28. Qxd7 Qf7 29. Bxe6 Qxd7 30. Bxd7 Nd4 31. Rd3 1-0

[Event "Lugano Open"]
[Site "Lugano SUI"]
[Date "1989.??.??"]
[Round "8"]
[White "Casa, Alex"]
[Black "Leuba, Didier"]
[Result "0-1"]
[WhiteElo "2215"]
[BlackElo "2300"]
[PlyCount "58"]
[EventDate "1989.03.??"]
[Source "www.chesslib.no"]
[SourceDate "2004.05.04"]

1. e4 e6 2. d4 d5 3. e5 c5 4. dxc5 Bxc5 5. Qg4 Kf8 6. Nf3 Nc6 7. Bd3 f6 8. Bf4 Qb6 9. O-O fxe5 10. Nxe5 Nf6 11. Qe2 Qxb2 12. Nd2 Qb4 13. Bg3 Bd4 14. Rab1 Qe7 15. Ndf3 Bxe5 16. Nxe5 Nxe5 17. Bxe5 Kf7 18. f4 b6 19. Rf3 Bd7 20. Rg3 Rac8 21. Rf1 g6 22. Rh3 Rhg8 23. g4 h5 24. g5 Ne4 25. Kh1 Bc6 26. Rxh5 gxh5 27. Qxh5+ Kf8 28. f5 d4 29. f6 Ng3+ 0-1

[Event "Tch (Men) 2005/2006 CZE"]
[Site "?"]
[Date "2005.11.06"]
[Round "4"]
[White "Hala Martin"]
[Black "Prandstetter Eduard"]
[Result "0-1"]
[WhiteElo "2153"]
[BlackElo "2348"]
[PlyCount "44"]
[EventDate "2005.??.??"]
[Source "www.chesslib.no"]
[SourceDate "2004.05.04"]

1. e4 e6 2. d4 d5 3. e5 c5 4. dxc5 Nc6 5. Nf3 Bxc5 6. Bd3 Nge7 7. Bf4 Ng6 8. Bg3 O-O 9. O-O f5 10. exf6 Qxf6 11. Bxg6 Qxg6 12. Nc3 Be7 13. Re1 Bf6 14. Qd2 Qh5 15. Rad1 Bd7 16. Re2 Rad8 17. Rde1 Bc8 18. Ne5 d4 19. Na4 Rd5 20. f4 Nxe5 21. fxe5 Bg5 22. Qd3 Bd7 0-1